| 000 | 00407nam a22001217a 4500 | ||
|---|---|---|---|
| 999 |
_c9415 _d9415 |
||
| 003 | OSt | ||
| 008 | 201203b ||||| |||| 00| 0 eng d | ||
| 245 | _aAsian Dyer | ||
| 250 | _a2012( Feb-Mar Vol.9 No.1, Apr-May Vol.9 No.2, Jun-Jul Vol.9 No.3, Aug-Sep Vol.9 No.4, Oct-Nov Vol.9 No.5) 2012 - 13( Dec-Jan Vol.9 No.6 ) | ||
| 260 |
_aMumbai _bTexchem Publication |
||
| 650 | _aTextile Engineering | ||
| 942 |
_2ddc _cBV |
||